| 000 | 00982nam a22002175i 4500 | ||
|---|---|---|---|
| 001 | 162566 | ||
| 003 | ES-MaACL | ||
| 005 | 20230906212544.0 | ||
| 008 | 000131s1843 fr af |||| | fre d | ||
| 040 |
_aCCPB | B _bspa _cCCPB | B |
||
| 100 | 1 |
_aPrichard, J. C. _9131365 |
|
| 245 | 1 | 0 |
_aHistoire naturelle de l'homme _b: comprenant des recherches sur l'influence des agens physiques et moraux considérés comme causes des variétés qui distinguent entre elles les différentes races humaines / _cpar J.C. Prichard ; traduit de l'anglais par le Dr. F. Roulin. |
| 260 |
_aParis : _bchez J.-B. Baillière, _c1843. |
||
| 300 |
_a2 v. : _bil. ; _c23 cm. |
||
| 500 | _aAccompagné de 40 planches gravées et coloriées, et de 90 figures en bois intercalées dans le texte. | ||
| 599 | _aIl. y h. de grab. relacionadas con las distintas razas. | ||
| 650 |
_aRaza. _916677 |
||
| 700 | 1 |
_aRoulin, F. _9132099 |
|
| 852 |
_aES-MaACL _jG-10887-88 _z-- Enc. hol. |
||
| 999 |
_c162566 _d162566 |
||